La producción avícola
Uloženo v:
| Hlavní autoři: | , |
|---|---|
| Médium: | Kniha |
| Jazyk: | španělština |
| Vydáno: |
Ciudad de México
CECSA
1961
|
| Témata: | |
| Tagy: |
Přidat tag
Žádné tagy, Buďte první, kdo vytvoří štítek k tomuto záznamu!
|
MARC
| LEADER | 00000nam a2200000 a 4500 | ||
|---|---|---|---|
| 001 | UCS9461 | ||
| 003 | CL-VaPUC | ||
| 008 | 971121e19610000MX |||||||||||||||||spa|d | ||
| 082 | 0 | 4 | |a 636.5 |b BUN |2 21 |
| 100 | 0 | |a Bundy, Clarence E |e author |9 394472 | |
| 700 | 0 | |a Diggins, Ronald V |e author |9 394473 | |
| 245 | 1 | 3 | |a La producción avícola |
| 300 | |a 478 p | ||
| 942 | |c BK | ||
| 945 | |d 19971121 00:00:00 |a jquezada | ||
| 260 | |a Ciudad de México |b CECSA |c 1961 | ||
| 650 | 0 | |a Aves |9 262192 | |
| 650 | 7 | |a AVES DE CORRAL |2 CL-VaPUC |9 394474 | |
| 650 | 0 | |a Producción |9 263680 | |
| 650 | 7 | |a RAZA |2 CL-VaPUC |9 336408 | |
| 650 | 0 | |a Reproducción |9 269783 | |
| 650 | 7 | |a SELECCION |2 CL-VaPUC |9 394475 | |
| 650 | 0 | |a Alimentación animal |9 393779 | |
| 650 | 0 | |a Nutrición animal |9 389503 | |
| 650 | 7 | |a PONEDORAS |2 CL-VaPUC |9 394477 | |
| 650 | 7 | |a PAVOS |2 CL-VaPUC |9 394478 | |
| 650 | 7 | |a GANSOS |2 CL-VaPUC |9 394479 | |
| 650 | 7 | |a PATOS |2 CL-VaPUC |9 370302 | |
| 650 | 0 | |a Enfermedades parasitarias |9 338529 | |
| 650 | 7 | |a CONTABILIDAD AGRICOLA |2 CL-VaPUC |9 388465 | |
| 583 | |a last modification |c 19971121 00:00:00 |k Rodrigo Vera | ||
| 999 | |c 263261 |d 263259 | ||